000 00666nam a2200265Ia 4500
005 20260306164500.0
008 008 260114s9999 xx 000 0 eng d
020 _a9780199983643
037 _aEBOOK
040 _aCRL
040 _beng
040 _cCRL
041 _2eng
041 _aeng
084 _qCRL
100 _aStuart J. Youngner, Robert M. Arnold
_91130844
245 4 _aThe Oxford Handbook Of Ethics At The End Of Life
260 _bOxford University Press
260 _c2016
650 _aPhilosophy
856 _uhttps://academic.oup.com/edited-volume/28374
942 _cEBOOK
999 _c1714241
_d1714241